Sports Quiz

Random Sports or Football Quiz

2008 Redeem Team Quiz Stats

 Plays Quiz not verified by Sporcle

Challenge
Share
Tweet
Embed
Score 0/13 Timer 04:00
0 Plays Today
Position Player % Correct
Small ForwardLeBron James
99%
Shooting GuardKobe Bryant
93%
Shooting GuardDwyane Wade
88.5%
Point GuardChris Paul
86.1%
Forward-CenterDwight Howard
83.5%
Small ForwardCarmelo Anthony
81.4%
Forward-CenterChris Bosh
81.1%
Point GuardJason Kidd
78%
Point GuardDeron Williams
77.8%
CoachMike Krzyzewski
68.3%
Forward-CenterCarlos Boozer
61.7%
Shooting GuardMichael Redd
56.7%
Small ForwardTayshaun Prince
46.2%

You're not logged in!

Compare scores with friends on all Sporcle quizzes.
OR
Log In

You Might Also Like...

Show Comments

Extras

Top Quizzes Today


Score Distribution

Your Account Isn't Verified!

In order to create a playlist on Sporcle, you need to verify the email address you used during registration. Go to your Sporcle Settings to finish the process.

Report this User

Report this user for behavior that violates our Community Guidelines.

Details: